The physics of viruses / (Record no. 1648)

MARC details
000 -LEADER
fixed length control field 00898nac a22002531i 4500
003 - CONTROL NUMBER IDENTIFIER
control field EG-ScBUE
005 - DATE AND TIME OF LATEST TRANSACTION
control field 20260330093615.0
008 - FIXED-LENGTH DATA ELEMENTS--GENERAL INFORMATION
fixed length control field 260315s1953 nyua f b 001 0 eng d
035 ## - SYSTEM CONTROL NUMBER
System control number (OCoLC)560156
040 ## - CATALOGING SOURCE
Original cataloging agency EG-ScBUE
Language of cataloging eng
Description conventions rda
Transcribing agency EG-ScBUE
Modifying agency EG-ScBUE
082 04 - DEWEY DECIMAL CLASSIFICATION NUMBER
Classification number 589.95
Item number POL
Edition number 22
100 1# - MAIN ENTRY--PERSONAL NAME
Personal name Pollard, Ernest C.
Fuller form of name (Ernest Charles),
Dates associated with a name 1906-1997,
Relator term author.
245 14 - TITLE STATEMENT
Title The physics of viruses /
Statement of responsibility, etc Ernest C. Pollard, Sloane Physics Laboratory, Yale University.
264 #1 - PUBLICATION, DISTRIBUTION, ETC. (IMPRINT)
Place of publication, distribution, etc New York, N.Y. :
Name of publisher, distributor, etc Academic Press INC., Publishers,
Date of publication, distribution, etc 1953.
300 ## - PHYSICAL DESCRIPTION
Extent xi, 230 pages :
Other physical details illustrations ;
Dimensions 24 cm
336 ## - CONTENT TYPE
Source rdacontent
Content type term text
Content type code txt
337 ## - MEDIA TYPE
Media type term unmediated
Source rdamedia
Media type code n
338 ## - CARRIER TYPE
Carrier type term volume
Carrier type code nc
Source rdacarrier
504 ## - BIBLIOGRAPHY, ETC. NOTE
Bibliography, etc Includes bibliographical references and index.<br/>
650 #7 - SUBJECT ADDED ENTRY--TOPICAL TERM
Topical term or geographic name as entry element Viruses.
Source of heading or term BUEsh
655 ## - INDEX TERM--GENRE/FORM
Form subdivision Reading book
942 ## - ADDED ENTRY ELEMENTS (KOHA)
Koha item type Book - Borrowing
Source of classification or shelving scheme Dewey Decimal Classification
Holdings
Withdrawn status Lost status Source of classification or shelving scheme Damaged status Not for loan Collection code Home library Current library Shelving location Date acquired Source of acquisition Total Checkouts Total Renewals Full call number Barcode Date last seen Date checked out Price effective from Koha item type
    Dewey Decimal Classification     Baccah Central Library Central Library First floor 22/11/2006 Purchase 1 1 589.95 POL 000002693 15/07/2025 16/06/2019 22/11/2006 Book - Borrowing